Central Library, Doon University
WEBOPAC (ONLINE PUBLIC ACCESS CATALOGUE)

Tradition in der Literatur der Wiener Moderne (Record no. 60928)

MARC details
000 -LEADER
fixed length control field 00562nam a22002057a 4500
005 - DATE & TIME
control field 20260530150326.0
008 - FIXED-LENGTH DATA ELEMENTS--GENERAL INFORMATION
fixed length control field 260530b |||||||| |||| 00| 0 eng d
020 ## - ISBN
International Standard Book Number 9783110652673
Price 3169.11
040 ## - CATALOGING SOURCE
Original cataloging agency Doon University
041 ## - Language
Language English
082 ## - DDC NUMBER
Classification number 830.9
Book Number TRA
100 ## - MAIN ENTRY--PERSONAL NAME
Personal name Hemecker, Wilhelm (ed)
245 ## - TITLE STATEMENT
Title Tradition in der Literatur der Wiener Moderne
260 ## - PUBLICATION, DISTRIBUTION, ETC. (IMPRINT)
Place of publication, distribution, etc Berlin
Name of publisher, distributor, etc De Gruyter
Date of publication, distribution, etc 2019
300 ## - PHYSICAL DESCRIPTION
Pages 309
650 ## - Subject
Subject German Language
700 ## - Added Entry Personal Name
Added Entry Personal Name Mitterer, Cornelius (ed)
700 ## - Added Entry Personal Name
Added Entry Personal Name Osterle, David (ed)
942 ## - ADDED ENTRY ELEMENTS (KOHA)
Koha item type Books
100 ## - MAIN ENTRY--PERSONAL NAME
-- 26948
700 ## - Added Entry Personal Name
-- 26949
700 ## - Added Entry Personal Name
-- 26950
952 ## - LOCATION AND ITEM INFORMATION (KOHA)
-- 2026-05-30
952 ## - LOCATION AND ITEM INFORMATION (KOHA)
-- 2026-05-30
Holdings
Withdrawn status Lost status Source of classification or shelving scheme Damaged status Not for loan Location (home branch) Sublocation or collection (holding branch) Date acquired Koha full call number Accession No. Koha date last seen Koha item type Koha issues (times borrowed)
        Not For Loan Doon University Doon University 30.05.2026 830.9 TRA 54069 30.05.2026 Reference  
          Doon University Doon University 30.05.2026 830.9 TRA 54070 30.05.2026 Books  
Contact : +91-135-2533126 (Library),+91-135-2533105 (Admin Office) , Email : doonlibrary@gmail.com

Powered by Koha